Images That Start with 'P' Quiz Stats

Quiz Updated Nov 8, 2017

Challenge
Share
Tweet
Score 0/20 Timer 04:00
7 Plays Today
% Correct
parrot
97.7%
panda
94.7%
pizza
94.3%
panther
94.2%
pyramid
93.6%
python
92.8%
pliers
90.4%
piñata
82.8%
platypus
82.1%
padlock
81.2%
% Correct
pistachios
80.2%
porthole
78.4%
protractor
76.3%
penne
72.4%
papaya
70.9%
parasol
67.9%
puffin
67.1%
piranha
64.9%
parsnips
56.2%
paisley
54.9%

You're not logged in!

Compare scores with friends on all Sporcle quizzes.
Sign Up with Email
OR
Log In

You Might Also Like...

Show Comments

Extras

Top Quizzes Today


Score Distribution

Your Account Isn't Verified!

In order to create a playlist on Sporcle, you need to verify the email address you used during registration. Go to your Sporcle Settings to finish the process.

Report this User

Report this user for behavior that violates our Community Guidelines.

Details: